000
00274nam a2200121Ia 4500
008
190216s9999||||xx |||||||||||||| ||und||
100
_a
Saxena H C
245
0
_a
Problems In Statistics
260
_b
Naduatul Ulama
_c
1967
300
_a
287p
650
_a
Commerce
942
_c
BK
999
_c
4468
_d
4468